00854nam a22001695i 4500001000700000003000900007005001700016008004100033040002000074100003000094245013400124260006500258300002100323500012900344700002900473852018200502160730ES-MaACL20230906212121.0020129s1861 sp |||| | spa d aCAM bspa cCAM1 aNogués, José María.10aGenaro el gondolero b: drama lírico en tres actos y en verso /cletra de José María Nogués ; música de Antonio Rovira. aMadrid : b[s.n.], c1861 (fImprenta de José Rodríguez) a60 p. ; c19 cm. aEn port.: Representado por primera vez en el teatro del Circo lírico-dramático la nochel del dia 6 de diciembre de 1861.1 aRovira Viñas, Antonio. aES-MaACLjF-8620(10) z-- Enc. pasta española q-- Falto de la cub. originalz--Enc. en un vol. facticio formando parte de la col. facticia "Teatro español moderno", vol. 75